000 01071nam a2200265 i 4500
001 91689
003 ES-MaACL
005 20250516155430.0
007 t|
008 040207s2004 sp a ||||1| spa d
080 _a782.1(083.97)
245 0 0 _aMacbeth
_b: ópera en cuatro actos /
_cGiuseppe Verdi ; libreto de Francesco Maria Piave con material adicional de Andrea Maffei, basado en la obra homónima de Shakespeare.
260 _a[Madrid] :
_bTeatro Real,
_c2004.
300 _a173 p. :
_bil. col. y n. ;
_c24 cm.
500 _aTeatro Real, temporada 2004-2005 en anteportada.
500 _aPrograma de las representaciones habidas los días 2,4,5,7,8,10,12,13,15,16,19,21 de noviembre de 2004.
500 _aTexto del libreto en italiano y traducción al español.
650 4 _aÓperas-
_xProgramas.
_9170038
700 1 _aVerdi, Giuseppe,
_d1813-1901
_9240500
700 1 _aPiave, Francesco Maria.
_991755
700 1 _aMaffei, Andrea.
_975425
710 2 _aTeatro Real (Madrid)
_96926
852 _aES-MaACL
_jL-28796
999 _c91689
_d91689